Normal view
MARC view
- تأليف الأنصاري، جمال الدين بن هاشم ؛ قدم له ووضع حواشية وفهارسة حسن حمد ؛ أشرف علية وراجعة إميل بديع يعقوب
Entry Personal Name
001 - CONTROL NUMBER
- control field: 27047
003 - CONTROL NUMBER IDENTIFIER
- control field: JO-AjAnu
005 - DATE AND TIME OF LATEST TRANSACTION
- control field: 20230606074611.0
008 - FIXED-LENGTH DATA ELEMENTS
- fixed length control field: 230606|| aca||aabn | a|a d
040 ## - CATALOGING SOURCE
- Original cataloging agency: JO-AjAnu
- Transcribing agency: JO-AjAnu
100 ## - HEADING--PERSONAL NAME
- Personal name: تأليف الأنصاري، جمال الدين بن هاشم ؛ قدم له ووضع حواشية وفهارسة حسن حمد ؛ أشرف علية وراجعة إميل بديع يعقوب
670 ## - SOURCE DATA FOUND
- Source citation: Work cat.: (JO-AjAnu)13893: تأليف الأنصاري، جمال الدين بن هاشم ؛ قدم له ووضع حواشية وفهارسة حسن حمد ؛ أشرف علية وراجعة إميل بديع يعقوب, author, مغنى اللبيب عن كتب الأعاريب